000 00674nam a2200193 4500
003 LK-CoMWRAF
005 20231201135606.0
008 230902b2004 |||||||| |||| 00| 0 eng d
020 _a9558464333
040 _aLK-CoMWRAF
_dLK-CoMWRAF
_eLK-CoMWRAF
041 _asin
082 _a155.3
_bWIC
100 _aවික්‍ර‍මසිංහ, සීතා
245 _aයෞවනයට වද දෙන ලිංගික ගැටලු
246 _aYawwanayata wada dena lingika gatalu
260 _aආණමඩුව :
_bතෝතැන්න ප්‍ර‍කාශන,
_c2004
650 _aලිංගික මනෝ විද්‍යාව
942 _cBK
999 _c3362
_d3362